Guía para la implementación de logística inversa en las empresas mexicanas /

Gorde:
Xehetasun bibliografikoak
Egile nagusia: Sánchez Echeagaray, Sandra (autor)
Beste egile batzuk: Fuentes Torres, Seriana Samara (autor) (autor), Lúa Sáinz, Fernando (autor) (autor)
Formatua: Liburua
Hizkuntza:gaztelania
Gaiak:
Etiketak: Etiketa erantsi
Etiketarik gabe, Izan zaitez lehena erregistro honi etiketa jartzen!

MARC

LEADER 00000nam^a2200000^a^4500
001 000172516
005 20250521000000.0
009 20260310101422.566
037 |a Acervo ITESO - Biblioteca 
041 |a ESP 
090 |a CIN. 281 
100 |a Sánchez Echeagaray, Sandra  |e (autor) 
245 1 0 |a Guía para la implementación de logística inversa en las empresas mexicanas /  |c S. Sánchez Echeagaray, S.S. Fuentes Torres, F. Lúa Sáinz. 
264 |a Guadalajara, México :  |b edición de autor,  |c 2004 
300 |a 1 disco compacto de computadora 
336 |a datos para computadora  |b cod  |2 rdacontenido 
337 |a computadora  |b c  |2 rdamedio 
338 |a disco de computadora  |b cd  |2 rdasoporte 
593 |a Tesis de Lic. en Comercio Internacional 
649 |a XX 
650 |a Empresas -  |x Administración 
650 |a Competencia Internacional (Economía) 
650 |a Competencia (Economía) 
650 |a Desechos -  |x Tratamiento y Reciclaje 
650 |a Calidad del Producto 
650 |a Calidad en el Servicio 
650 |a Control de Calidad 
650 |a Proceso de Producción 
650 |a Conservación y Protección Ambiental 
650 |a Almacenamiento 
650 |a Distribución del Producto 
650 |a Mezcla de Mercadotecnia 
650 |a Mercadotecnia 
650 |a Comercio Exterior -  |z México 
650 |a Comercio Internacional 
650 |a Economía -  |z México 
650 |a Ciencias Administrativas 
700 |a Fuentes Torres, Seriana Samara  |e (autor) 
700 |a Lúa Sáinz, Fernando  |e (autor) 
910 |a Fondo General 
920 |a Electrónicos - Tesis del ITESO en Disco 
905 |a 202 
901 |a 0500110352  |b IT2  |c STS  |u 20250521 
902 |a https://opac.biblio.iteso.mx/vufind/Record/000172516